Normal view
MARC view
- Saad, Gad
Entry Personal Name
001 - CONTROL NUMBER
- control field: 41851
003 - CONTROL NUMBER IDENTIFIER
- control field: DLC
005 - DATE AND TIME OF LATEST TRANSACTION
- control field: 20181030140726.0
008 - FIXED-LENGTH DATA ELEMENTS
- fixed length control field: 060915n| azannaabn |n aaa
010 ## - LIBRARY OF CONGRESS CONTROL NUMBER
- LC control number: n 2006071061
040 ## - CATALOGING SOURCE
- Original cataloging agency: DLC
- Language of cataloging: eng
- Description conventions: rda
- Transcribing agency: DLC
- Modifying agency: DLC
- Modifying agency: EG-ScBUE
100 1# - HEADING--PERSONAL NAME
- Personal name: Saad, Gad
670 ## - SOURCE DATA FOUND
- Source citation: Saad, Gad. The evolutionary bases of consumption, 2007:
- Information found: ECIP t.p. (Gad Saad, Concordia University)